000 02812nam0a2200385 i 4500
001 RU\NLR\BIBL_A\010856844
005 20241103095523.0
010 _a9785906555915
_9150
021 _aRU
_b2015-65373
_93906
035 _a(NILC)RuMoRGB-008008352
035 _a(NLR Aleph) 010856844
090 _a10401077
_c10401077
100 _a20151007d2014 u y0rusy50 ca
101 0 _arus
102 _aRU
105 _aa|||j|||000yy
200 1 _aГастроэнтерология и гепатология
_eучебное пособие для подготовки медицинских кадров в образовательных учреждениях МЧС России и ФГБУ "Всероссийский центр экстренной и радиационной медицины им. А.М. Никифорова" МЧС России
_fС.С. Бацков, А.Н. Беляев, А.В. Гордиенко [и др.]
_gМ-во Рос. Федерации по делам гражд. обороны, чрезвычайн. ситуациям и ликвидации последствий стихийн. бедствий, Федер. гос. бюджет. учреждение "Всерос. центр экстренной и радиац. медицины им. А.М. Никифорова" МЧС России
_gпод ред. С.С. Алексанина, С.С. Бацкова
210 _aСанкт-Петербург
_cВсероссийский центр экстренной и радиационной медицины
_d2014
215 _a259 с.
_cил.
_d21
300 _aВ конце кн. авт.: С.С. Бацков, засл. врач России, д.м.н., проф., гастроэнтеролог, А.Н. Беляев, к.м.н., доц., А.В. Гордиенко, д.м.н., проф.
320 _aБиблиогр.: с. 258-259 (36 назв.)
606 _aГастроэнтерология
_jУчебные издания для высших учебных заведений
_91011267
_3RU\NLR\AUTH\6667361
606 1 _aГепатология
_jУчебные издания для высших учебных заведений
_91390000
_3RU\NLR\AUTH\66270922
675 _a616.3
686 1 _aР413я73
686 1 _aР413.5я73
701 1 _aБацков
_bС. С.
_gСергей Сергеевич
701 1 _7ca
_8rus
_aБеляев
_bА. Н.
_cканд. мед. наук
_gАлександр Николаевич
_9160368
_3RU\NLR\AUTH\770160410
701 1 _aГордиенко
_bА. В.
_gАлександр Волеславович
702 1 _aАлексанин
_bС. С.
_gСергей Сергеевич
_4340
801 0 _aRU
_bРГБ
_c20150828
_gRCR
942 _cBOOK
980 _aNBR